000 00530cam a2200205ua 4500
001 5545
005 20260515113913.0
008 131004n ii |||gr||||Z||||||eng
020 _a178-81-89654-19-1
040 _cMAIN
082 _a304.8
245 1 1 _aMigration and Assimilation Society Economy Politics of Assam
250 _a1st ed.
260 _aJorhat:
_bDaanish Books,
_c2009.
300 _ax,200p.
653 _aSociology
653 _aMigration and Assimilation
700 1 _aSharma,Devabrata,
_eEditor.
942 _cBK
999 _c4707
_d4707